Football quiz n°11 - Statistiques

Statistiques générales
  • Ce quiz a été pris 255 fois
  • Le résultat moyen est 6 sur 15
Statistiques - réponses
Questions Réponses % Correct
Footballeur le plus titrés de l'histoire avec 44 trophés Lionel Messi
91%
Merci d'avoir joué a ce quiz, abonnez-vous ! (la réponse est oui :) Oui
79%
Le podium du ballon d'or en 2010 présente 3 joueurs d'un même club. Lequel ? FC Barcelone
76%
Coach qui a remporté le championnat avec Leicester en 2016 Claudio Ranieri
70%
Nation qui a inscrit le plus de buts lors de la coupe du monde 2018 Belgique
63%
Milieu offensif passé par Villarreal et Arsenal Santi Cazorla
48%
Latéral droit du PSG de 2012 à 2016 Van der Wiel
41%
1er club de Franck Lampard West Ham
34%
Recordman nombre de sélection avec le Brésil Cafu
28%
Finaliste lors de la première édition de la Conférence League (2021-2022) Feyenoord
18%
Meilleur buteur a l'euro 2020 égalité avec Ronaldo Patrick Schick
18%
Meilleur passeur des 5 grands championnat en 2020/2021 Thomas Muller
17%
Plus large victoire de l'Italie (vs USA) 9-0
16%
Plus vieux buteur en coupe du monde Roger Milla
14%
Gardien de l'Union Saint Gilloise Anthony Morris
4%
Aucun quiz correspondant
Distribution des résultats
% des personnes avec chaque résultat
Percentile par nombre de réponses
Votre historique - résultats
Vous n’avez pas pris ce quiz